| 000 | 00559nam a2200217Ia 4500 | ||
|---|---|---|---|
| 003 | OSt | ||
| 005 | 20220926043825.0 | ||
| 006 | a|||||r|||| 00| 0 | ||
| 007 | ta | ||
| 008 | 220923b |||||||| |||| 00| 0 eng d | ||
| 037 | _cGeneral Book | ||
| 040 |
_aRTL _cRTL _beng |
||
| 041 |
_2eng _aeng |
||
| 082 | _aXM25.4653.N4, K1 | ||
| 100 |
_aDarin-Drabkin H _9348277 |
||
| 245 | 0 | _aOther society | |
| 260 | _c1961 | ||
| 650 | _aCooperative Economics | ||
| 942 |
_hXM25.4653.N4, K1 _cGB _2CC |
||
| 999 |
_c673296 _d673296 |
||